LEGO Marvel Super Heroes: Spider-People Minifigures by Picture - Statistics

General Stats
  • This quiz has been taken 38 times
    12 since last reset
  • The average score is 19 of 23
Answer Stats
Picture Answer % Correct
Spider-Cat
90%
Spider-Girl (Aña Corazón)
90%
Spider-Man 2099
90%
Spider-Man (Peter Parker)
90%
Spider-Punk
90%
Werewolf Spider-Man
90%
Cyborg Spider-Man
80%
Cyborg Spider-Woman
80%
Ghost-Spider
80%
Spider-Byte
80%
Spider-Girl (Jessica Drew)
80%
Spider-Ham
80%
Spider-Horse
80%
Spider-Man India
80%
Spider-Man (Miles Morales)
80%
Spider-Man Noir
80%
Spider-Woman (Jessica Drew)
80%
Spider-Woman (Julia Carpenter)
80%
Iron Spider
70%
Mayday Parker
70%
Scarlet Spider
70%
Sun-Spider
70%
Web-Slinger
70%
No matching quizzes found
Score Distribution
Percent of People with Each Score
Percentile by Number Answered
Your Score History
You have not taken this quiz since the last reset